<?xml version="1.0" encoding="UTF-8"?>
<record
    xmlns:xsi="http://www.w3.org/2001/XMLSchema-instance"
    xsi:schemaLocation="http://www.loc.gov/MARC21/slim http://www.loc.gov/standards/marcxml/schema/MARC21slim.xsd"
    xmlns="http://www.loc.gov/MARC21/slim">

  <leader>01256nma a22002297a 4500</leader>
  <controlfield tag="005">20221229112625.0</controlfield>
  <controlfield tag="006">g           q   ||</controlfield>
  <controlfield tag="007">co agaaaaaa</controlfield>
  <controlfield tag="008">      s2549    th         h        tha d</controlfield>
  <datafield tag="040" ind1=" " ind2=" ">
    <subfield code="a">NALT</subfield>
  </datafield>
  <datafield tag="041" ind1=" " ind2=" ">
    <subfield code="a">tha</subfield>
  </datafield>
  <datafield tag="090" ind1=" " ind2=" ">
    <subfield code="a">CD 754/1,CD 754/2,CD 754/3</subfield>
  </datafield>
  <datafield tag="245" ind1="1" ind2="0">
    <subfield code="a">1 &#xE40;&#xE2A;&#xE35;&#xE22;&#xE07;&#xE02;&#xE2D;&#xE07;&#xE17;&#xE48;&#xE32;&#xE19;&#xE08;&#xE30;&#xE15;&#xE31;&#xE14;&#xE2A;&#xE34;&#xE19;&#xE2D;&#xE19;&#xE32;&#xE04;&#xE15;&#xE02;&#xE2D;&#xE07;&#xE0A;&#xE32;&#xE15;&#xE34; 2 &#xE40;&#xE21;&#xE29;&#xE32;&#xE22;&#xE19; &#xE44;&#xE1B;&#xE40;&#xE25;&#xE37;&#xE2D;&#xE01;&#xE15;&#xE31;&#xE49;&#xE07; &#xE1E;.&#xE15;.&#xE17;.&#xE17;&#xE31;&#xE01;&#xE29;&#xE34;&#xE13; &#xE0A;&#xE34;&#xE19;&#xE27;&#xE31;&#xE15;&#xE23; &#xE2B;&#xE31;&#xE27;&#xE2B;&#xE19;&#xE49;&#xE32;&#xE1E;&#xE23;&#xE23;&#xE04;&#xE44;&#xE17;&#xE22;&#xE23;&#xE31;&#xE01;&#xE44;&#xE17;&#xE22; &#xE27;&#xE31;&#xE19;&#xE2D;&#xE32;&#xE17;&#xE34;&#xE15;&#xE22;&#xE4C;&#xE17;&#xE35;&#xE48; 26 &#xE21;&#xE35;&#xE19;&#xE32;&#xE04;&#xE21; 2549 &#xE27;&#xE07;&#xE40;&#xE27;&#xE35;&#xE22;&#xE19;&#xE43;&#xE2B;&#xE0D;&#xE48; [electronic resource] /</subfield>
    <subfield code="c">&#xE1E;&#xE23;&#xE23;&#xE04;&#xE44;&#xE17;&#xE22;&#xE23;&#xE31;&#xE01;&#xE44;&#xE17;&#xE22;.</subfield>
  </datafield>
  <datafield tag="260" ind1="3" ind2=" ">
    <subfield code="a">&#xE01;&#xE23;&#xE38;&#xE07;&#xE40;&#xE17;&#xE1E;&#xE2F; : </subfield>
    <subfield code="b">&#xE1E;&#xE23;&#xE23;&#xE04;&#xE44;&#xE17;&#xE22;&#xE23;&#xE31;&#xE01;&#xE44;&#xE17;&#xE22;, </subfield>
    <subfield code="c">2549.</subfield>
  </datafield>
  <datafield tag="300" ind1=" " ind2=" ">
    <subfield code="a">1 CD - ROM :</subfield>
    <subfield code="b">&#xE2A;&#xE35;., &#xE40;&#xE2A;&#xE35;&#xE22;&#xE07;.</subfield>
    <subfield code="c">4 3/4 &#xE19;&#xE34;&#xE49;&#xE27;.</subfield>
  </datafield>
  <datafield tag="650" ind1="0" ind2="4">
    <subfield code="a">&#xE1E;&#xE23;&#xE23;&#xE04;&#xE44;&#xE17;&#xE22;&#xE23;&#xE31;&#xE01;&#xE44;&#xE17;&#xE22; -- &#xE01;&#xE32;&#xE23;&#xE1B;&#xE23;&#xE32;&#xE28;&#xE23;&#xE31;&#xE22;</subfield>
  </datafield>
  <datafield tag="650" ind1="0" ind2="4">
    <subfield code="a">&#xE17;&#xE31;&#xE01;&#xE29;&#xE34;&#xE13; &#xE0A;&#xE34;&#xE19;&#xE27;&#xE31;&#xE15;&#xE23; -- &#xE01;&#xE32;&#xE23;&#xE1B;&#xE23;&#xE32;&#xE28;&#xE23;&#xE31;&#xE22;</subfield>
  </datafield>
  <datafield tag="650" ind1="0" ind2="4">
    <subfield code="a">&#xE17;&#xE31;&#xE01;&#xE29;&#xE34;&#xE13; &#xE0A;&#xE34;&#xE19;&#xE27;&#xE31;&#xE15;&#xE23; -- &#xE04;&#xE33;&#xE1B;&#xE23;&#xE32;&#xE28;&#xE23;&#xE31;&#xE22;</subfield>
  </datafield>
  <datafield tag="850" ind1=" " ind2=" ">
    <subfield code="a">NALT</subfield>
  </datafield>
  <datafield tag="942" ind1=" " ind2=" ">
    <subfield code="c">CD</subfield>
    <subfield code="2">lcc</subfield>
  </datafield>
  <datafield tag="998" ind1=" " ind2=" ">
    <subfield code="j">1664</subfield>
    <subfield code="k"> &#xE19;&#xE32;&#xE22;&#xE2A;&#xE21;&#xE40;&#xE01;&#xE35;&#xE22;&#xE23;&#xE15;&#xE34;  &#xE2B;&#xE30;&#xE23;&#xE31;&#xE07;&#xE28;&#xE23;&#xE35;</subfield>
  </datafield>
  <datafield tag="999" ind1=" " ind2=" ">
    <subfield code="c">47398</subfield>
    <subfield code="d">47398</subfield>
  </datafield>
  <datafield tag="952" ind1=" " ind2=" ">
    <subfield code="0">0</subfield>
    <subfield code="1">0</subfield>
    <subfield code="2">local</subfield>
    <subfield code="4">0</subfield>
    <subfield code="7">0</subfield>
    <subfield code="8">CAV</subfield>
    <subfield code="a">NALT</subfield>
    <subfield code="b">NALT</subfield>
    <subfield code="l">0</subfield>
    <subfield code="o">CD 754/3</subfield>
    <subfield code="p">3961159504</subfield>
    <subfield code="r">2017-06-09 00:00:00</subfield>
    <subfield code="t">&#xE09;. 3</subfield>
    <subfield code="w">2017-06-09</subfield>
    <subfield code="y">CD</subfield>
  </datafield>
  <datafield tag="952" ind1=" " ind2=" ">
    <subfield code="0">0</subfield>
    <subfield code="1">0</subfield>
    <subfield code="2">local</subfield>
    <subfield code="4">0</subfield>
    <subfield code="7">0</subfield>
    <subfield code="8">CAV</subfield>
    <subfield code="a">NALT</subfield>
    <subfield code="b">NALT</subfield>
    <subfield code="l">0</subfield>
    <subfield code="o">CD 754/2</subfield>
    <subfield code="p">3961159503</subfield>
    <subfield code="r">2017-06-09 00:00:00</subfield>
    <subfield code="t">&#xE09;. 2</subfield>
    <subfield code="w">2017-06-09</subfield>
    <subfield code="y">CD</subfield>
  </datafield>
  <datafield tag="952" ind1=" " ind2=" ">
    <subfield code="0">0</subfield>
    <subfield code="1">0</subfield>
    <subfield code="2">local</subfield>
    <subfield code="4">0</subfield>
    <subfield code="7">0</subfield>
    <subfield code="8">CAV</subfield>
    <subfield code="a">NALT</subfield>
    <subfield code="b">NALT</subfield>
    <subfield code="c">AV</subfield>
    <subfield code="d">2022-12-29</subfield>
    <subfield code="o">CD 754/1</subfield>
    <subfield code="p">3961159502</subfield>
    <subfield code="r">2017-06-09 00:00:00</subfield>
    <subfield code="t">&#xE09;. 1</subfield>
    <subfield code="w">2017-06-09</subfield>
    <subfield code="y">CD</subfield>
  </datafield>
</record>
